<?xml version="1.0" encoding="UTF-8"?>
<collection xmlns="http://www.loc.gov/MARC21/slim">
 <record>
  <leader>05465cam a2200913   4500</leader>
  <controlfield tag="001">726936111</controlfield>
  <controlfield tag="003">DE-627</controlfield>
  <controlfield tag="005">20240923203912.0</controlfield>
  <controlfield tag="007">tu</controlfield>
  <controlfield tag="008">121005s2012    gw ||||| c    00| ||ger c</controlfield>
  <datafield tag="015" ind1=" " ind2=" ">
   <subfield code="a">12,N40</subfield>
   <subfield code="2">dnb</subfield>
  </datafield>
  <datafield tag="016" ind1="7" ind2=" ">
   <subfield code="a">1026254809</subfield>
   <subfield code="2">DE-101</subfield>
  </datafield>
  <datafield tag="020" ind1=" " ind2=" ">
   <subfield code="a">9783447067737</subfield>
   <subfield code="c">Gb. : EUR 168.00 (DE), EUR 172.80 (AT)</subfield>
   <subfield code="9">978-3-447-06773-7</subfield>
  </datafield>
  <datafield tag="024" ind1="3" ind2=" ">
   <subfield code="a">9783447067737</subfield>
  </datafield>
  <datafield tag="035" ind1=" " ind2=" ">
   <subfield code="a">(DE-627)726936111</subfield>
  </datafield>
  <datafield tag="035" ind1=" " ind2=" ">
   <subfield code="a">(DE-576)372552943</subfield>
  </datafield>
  <datafield tag="035" ind1=" " ind2=" ">
   <subfield code="a">(DE-599)DNB1026254809</subfield>
  </datafield>
  <datafield tag="035" ind1=" " ind2=" ">
   <subfield code="a">(OCoLC)815201549</subfield>
  </datafield>
  <datafield tag="035" ind1=" " ind2=" ">
   <subfield code="a">(OCoLC)815201549</subfield>
  </datafield>
  <datafield tag="040" ind1=" " ind2=" ">
   <subfield code="a">DE-627</subfield>
   <subfield code="b">ger</subfield>
   <subfield code="c">DE-627</subfield>
   <subfield code="e">rakwb</subfield>
  </datafield>
  <datafield tag="041" ind1=" " ind2=" ">
   <subfield code="a">ger</subfield>
  </datafield>
  <datafield tag="044" ind1=" " ind2=" ">
   <subfield code="c">XA-DE-HE</subfield>
  </datafield>
  <datafield tag="082" ind1="0" ind2=" ">
   <subfield code="a">700</subfield>
   <subfield code="q">BSZ</subfield>
  </datafield>
  <datafield tag="082" ind1="0" ind2=" ">
   <subfield code="a">759.04744359757</subfield>
  </datafield>
  <datafield tag="082" ind1="0" ind2="4">
   <subfield code="a">750</subfield>
   <subfield code="q">DNB</subfield>
  </datafield>
  <datafield tag="082" ind1="0" ind2="4">
   <subfield code="a">700</subfield>
  </datafield>
  <datafield tag="084" ind1=" " ind2=" ">
   <subfield code="a">9,10</subfield>
   <subfield code="2">ssgn</subfield>
  </datafield>
  <datafield tag="084" ind1=" " ind2=" ">
   <subfield code="a">AN 80960</subfield>
   <subfield code="q">BVB</subfield>
   <subfield code="2">rvk</subfield>
   <subfield code="0">(DE-625)rvk/6704:</subfield>
  </datafield>
  <datafield tag="084" ind1=" " ind2=" ">
   <subfield code="a">AM 88300</subfield>
   <subfield code="q">BVB</subfield>
   <subfield code="2">rvk</subfield>
   <subfield code="0">(DE-625)rvk/5707:</subfield>
  </datafield>
  <datafield tag="084" ind1=" " ind2=" ">
   <subfield code="a">LH 29760</subfield>
   <subfield code="q">BVB</subfield>
   <subfield code="2">rvk</subfield>
   <subfield code="0">(DE-625)rvk/92910:</subfield>
  </datafield>
  <datafield tag="084" ind1=" " ind2=" ">
   <subfield code="a">LH 39910</subfield>
   <subfield code="2">rvk</subfield>
   <subfield code="0">(DE-625)rvk/93360:</subfield>
  </datafield>
  <datafield tag="084" ind1=" " ind2=" ">
   <subfield code="a">21.00</subfield>
   <subfield code="2">bkl</subfield>
  </datafield>
  <datafield tag="084" ind1=" " ind2=" ">
   <subfield code="a">21.02</subfield>
   <subfield code="2">bkl</subfield>
  </datafield>
  <datafield tag="090" ind1=" " ind2=" ">
   <subfield code="a">a</subfield>
  </datafield>
  <datafield tag="100" ind1="1" ind2=" ">
   <subfield code="a">Wenzel, Michael</subfield>
   <subfield code="d">1968-</subfield>
   <subfield code="0">(DE-588)102819241X</subfield>
   <subfield code="0">(DE-627)730437795</subfield>
   <subfield code="0">(DE-576)375698337</subfield>
   <subfield code="4">aut</subfield>
  </datafield>
  <datafield tag="245" ind1="1" ind2="4">
   <subfield code="a">Die Gemälde der Herzog-August-Bibliothek Wolfenbüttel</subfield>
   <subfield code="b">Bestandskatalog</subfield>
   <subfield code="c">von Michael Wenzel. Unter Mitarb. von Bärbel Matthey</subfield>
  </datafield>
  <datafield tag="264" ind1=" " ind2="1">
   <subfield code="a">Wiesbaden</subfield>
   <subfield code="b">Harrassowitz</subfield>
   <subfield code="c">2012</subfield>
  </datafield>
  <datafield tag="300" ind1=" " ind2=" ">
   <subfield code="a">591 S.</subfield>
   <subfield code="b">zahlr. Ill.</subfield>
   <subfield code="c">32 cm</subfield>
  </datafield>
  <datafield tag="336" ind1=" " ind2=" ">
   <subfield code="a">Text</subfield>
   <subfield code="b">txt</subfield>
   <subfield code="2">rdacontent</subfield>
  </datafield>
  <datafield tag="337" ind1=" " ind2=" ">
   <subfield code="a">ohne Hilfsmittel zu benutzen</subfield>
   <subfield code="b">n</subfield>
   <subfield code="2">rdamedia</subfield>
  </datafield>
  <datafield tag="338" ind1=" " ind2=" ">
   <subfield code="a">Band</subfield>
   <subfield code="b">nc</subfield>
   <subfield code="2">rdacarrier</subfield>
  </datafield>
  <datafield tag="490" ind1="1" ind2=" ">
   <subfield code="a">Wolfenbütteler Forschungen</subfield>
   <subfield code="v">Bd. 133</subfield>
  </datafield>
  <datafield tag="500" ind1=" " ind2=" ">
   <subfield code="a">Literaturverz. S. 555 - 573</subfield>
  </datafield>
  <datafield tag="583" ind1="1" ind2=" ">
   <subfield code="a">Archivierung/Langzeitarchivierung gewährleistet</subfield>
   <subfield code="f">SSG</subfield>
   <subfield code="x">XA-DE-BW</subfield>
   <subfield code="2">pdager</subfield>
   <subfield code="5">DE-16</subfield>
  </datafield>
  <datafield tag="655" ind1=" " ind2="7">
   <subfield code="a">Katalog</subfield>
   <subfield code="0">(DE-588)4163417-2</subfield>
   <subfield code="0">(DE-627)105454966</subfield>
   <subfield code="0">(DE-576)209880899</subfield>
   <subfield code="2">gnd-content</subfield>
  </datafield>
  <datafield tag="689" ind1="0" ind2="0">
   <subfield code="d">b</subfield>
   <subfield code="0">(DE-588)8989-8</subfield>
   <subfield code="0">(DE-627)100266355</subfield>
   <subfield code="0">(DE-576)190196823</subfield>
   <subfield code="a">Herzog August Bibliothek</subfield>
   <subfield code="2">gnd</subfield>
  </datafield>
  <datafield tag="689" ind1="0" ind2="1">
   <subfield code="d">s</subfield>
   <subfield code="0">(DE-588)4037220-0</subfield>
   <subfield code="0">(DE-627)10623871X</subfield>
   <subfield code="0">(DE-576)209022892</subfield>
   <subfield code="a">Malerei</subfield>
   <subfield code="2">gnd</subfield>
  </datafield>
  <datafield tag="689" ind1="0" ind2="2">
   <subfield code="a">z</subfield>
   <subfield code="2">gnd</subfield>
   <subfield code="a">Geschichte 1500-1900</subfield>
  </datafield>
  <datafield tag="689" ind1="0" ind2=" ">
   <subfield code="5">DE-101</subfield>
  </datafield>
  <datafield tag="689" ind1="1" ind2="0">
   <subfield code="d">b</subfield>
   <subfield code="0">(DE-588)8989-8</subfield>
   <subfield code="0">(DE-627)100266355</subfield>
   <subfield code="0">(DE-576)190196823</subfield>
   <subfield code="a">Herzog August Bibliothek</subfield>
   <subfield code="2">gnd</subfield>
  </datafield>
  <datafield tag="689" ind1="1" ind2="1">
   <subfield code="d">s</subfield>
   <subfield code="0">(DE-588)4122164-3</subfield>
   <subfield code="0">(DE-627)105764469</subfield>
   <subfield code="0">(DE-576)20954919X</subfield>
   <subfield code="a">Gemälde</subfield>
   <subfield code="2">gnd</subfield>
  </datafield>
  <datafield tag="689" ind1="1" ind2=" ">
   <subfield code="5">(DE-627)</subfield>
  </datafield>
  <datafield tag="700" ind1="1" ind2=" ">
   <subfield code="a">Matthey, Bärbel</subfield>
   <subfield code="4">oth</subfield>
  </datafield>
  <datafield tag="710" ind1="2" ind2=" ">
   <subfield code="a">Herzog August Bibliothek</subfield>
   <subfield code="0">(DE-588)8989-8</subfield>
   <subfield code="0">(DE-627)100266355</subfield>
   <subfield code="0">(DE-576)190196823</subfield>
   <subfield code="4">oth</subfield>
  </datafield>
  <datafield tag="787" ind1="0" ind2="8">
   <subfield code="i">Rezension</subfield>
   <subfield code="a">Börsch-Supan, Helmut, 1933 - </subfield>
   <subfield code="t">[Rezension von: Wenzel, Michael, Die Gemälde der Herzog-August-Bibliothek Wolfenbüttel, Bestandskatalog]</subfield>
   <subfield code="d">2013</subfield>
   <subfield code="w">(DE-627)78030571X</subfield>
  </datafield>
  <datafield tag="787" ind1="0" ind2="8">
   <subfield code="i">Rezension</subfield>
   <subfield code="a">Polleroß, Friedrich, 1958 - </subfield>
   <subfield code="t">[Rezension von: Wenzel, Michael, Die Gemälde der Herzog-August-Bibliothek Wolfenbüttel, Bestandskatalog]</subfield>
   <subfield code="d">2014</subfield>
   <subfield code="w">(DE-627)799254800</subfield>
  </datafield>
  <datafield tag="787" ind1="0" ind2="8">
   <subfield code="i">Rezensiert in</subfield>
   <subfield code="a">Hiller von Gaertringen, Rudolf, 1961 - </subfield>
   <subfield code="t">[Rezension von: Michael Wenzel, Die Gemälde der Herzog-August-Bibliothek Wolfenbüttel. Bestandskatalog]</subfield>
   <subfield code="d">2015</subfield>
   <subfield code="w">(DE-627)1684439914</subfield>
  </datafield>
  <datafield tag="830" ind1=" " ind2="0">
   <subfield code="a">Wolfenbütteler Forschungen</subfield>
   <subfield code="v">133</subfield>
   <subfield code="9">133</subfield>
   <subfield code="w">(DE-627)130237787</subfield>
   <subfield code="w">(DE-576)006522386</subfield>
   <subfield code="w">(DE-600)544034-8</subfield>
   <subfield code="7">ns</subfield>
  </datafield>
  <datafield tag="856" ind1="4" ind2="2">
   <subfield code="u">http://deposit.dnb.de/cgi-bin/dokserv?id=4127957&amp;prov=M&amp;dok_var=1&amp;dok_ext=htm</subfield>
   <subfield code="m">X: MVB</subfield>
   <subfield code="q">text/html</subfield>
   <subfield code="v">2013-05-01</subfield>
   <subfield code="x">Verlag</subfield>
   <subfield code="3">Inhaltstext</subfield>
  </datafield>
  <datafield tag="856" ind1="4" ind2="2">
   <subfield code="u">https://swbplus.bsz-bw.de/bsz372552943rez-2.htm</subfield>
   <subfield code="m">B:DE-576;DE-16</subfield>
   <subfield code="q">application/pdf</subfield>
   <subfield code="v">20150323114414</subfield>
   <subfield code="x">Verlag</subfield>
   <subfield code="3">Rezension</subfield>
  </datafield>
  <datafield tag="856" ind1="4" ind2="2">
   <subfield code="u">http://ifb.bsz-bw.de/bsz372552943rez-1.pdf</subfield>
   <subfield code="m">B:DE-576;ifb</subfield>
   <subfield code="q">application/pdf</subfield>
   <subfield code="v">20140706155614</subfield>
   <subfield code="x">Verlag</subfield>
   <subfield code="3">Rezension</subfield>
  </datafield>
  <datafield tag="856" ind1="4" ind2="2">
   <subfield code="u">https://swbplus.bsz-bw.de/bsz372552943inh.htm</subfield>
   <subfield code="m">B:DE-576;DE-16</subfield>
   <subfield code="q">application/pdf</subfield>
   <subfield code="v">20121218110924</subfield>
   <subfield code="x">Verlag</subfield>
   <subfield code="3">Inhaltsverzeichnis</subfield>
  </datafield>
  <datafield tag="856" ind1="4" ind2="2">
   <subfield code="u">http://www.sehepunkte.de/2015/03/22960.html</subfield>
   <subfield code="m">V:DE-576;X:Sehepunkte</subfield>
   <subfield code="q">text/html</subfield>
   <subfield code="v">20180417100629</subfield>
   <subfield code="3">Rezension</subfield>
  </datafield>
  <datafield tag="935" ind1=" " ind2=" ">
   <subfield code="i">sf</subfield>
  </datafield>
  <datafield tag="935" ind1=" " ind2=" ">
   <subfield code="i">Blocktest</subfield>
  </datafield>
  <datafield tag="936" ind1="r" ind2="v">
   <subfield code="a">AN 80960</subfield>
   <subfield code="b">Herzog August Bibliothek</subfield>
   <subfield code="k">Allgemeines</subfield>
   <subfield code="k">Buch- und Bibliothekswesen, Informationswissenschaft</subfield>
   <subfield code="k">Bibliothekswesen</subfield>
   <subfield code="k">Bibliothekswesen in einzelnen Ländern und einzelne Bibliotheken</subfield>
   <subfield code="k">Einzelne deutsche Bibliotheken</subfield>
   <subfield code="k">Bibliotheken W</subfield>
   <subfield code="k">Wolfenbüttel</subfield>
   <subfield code="k">Herzog August Bibliothek</subfield>
   <subfield code="0">(DE-627)1270639676</subfield>
   <subfield code="0">(DE-625)rvk/6704:</subfield>
   <subfield code="0">(DE-576)200639676</subfield>
  </datafield>
  <datafield tag="936" ind1="r" ind2="v">
   <subfield code="a">AM 88300</subfield>
   <subfield code="b">Herzog-August-Bibliothek</subfield>
   <subfield code="k">Allgemeines</subfield>
   <subfield code="k">Schrift und Handschriftenkunde. Schriftarten und Schreiben</subfield>
   <subfield code="k">Handschriftenkunde</subfield>
   <subfield code="k">Handschriftenkataloge</subfield>
   <subfield code="k">Handschriftenkataloge nach Autoren und Standorten</subfield>
   <subfield code="k">Kataloge einzelner Bibliotheken, Archive und Museen</subfield>
   <subfield code="k">Orte W</subfield>
   <subfield code="k">Wolfenbüttel</subfield>
   <subfield code="k">Herzog-August-Bibliothek</subfield>
   <subfield code="0">(DE-627)1270675885</subfield>
   <subfield code="0">(DE-625)rvk/5707:</subfield>
   <subfield code="0">(DE-576)200675885</subfield>
  </datafield>
  <datafield tag="936" ind1="r" ind2="v">
   <subfield code="a">LH 29760</subfield>
   <subfield code="b">Wolfenbüttel</subfield>
   <subfield code="k">Kunstgeschichte</subfield>
   <subfield code="k">Allgemeines. Allgemeine Kunstgeschichte</subfield>
   <subfield code="k">Lexika, Bibliografien, Bibliothekskataloge</subfield>
   <subfield code="k">Kataloge kunstwissenschaftlicher Bibliotheken</subfield>
   <subfield code="k">Orte W</subfield>
   <subfield code="k">Wolfenbüttel</subfield>
   <subfield code="0">(DE-627)1274785812</subfield>
   <subfield code="0">(DE-625)rvk/92910:</subfield>
   <subfield code="0">(DE-576)204785812</subfield>
  </datafield>
  <datafield tag="936" ind1="r" ind2="v">
   <subfield code="a">LH 39910</subfield>
   <subfield code="b">Sonstige</subfield>
   <subfield code="k">Kunstgeschichte</subfield>
   <subfield code="k">Allgemeines. Allgemeine Kunstgeschichte</subfield>
   <subfield code="k">Museumskunde. Museumskataloge</subfield>
   <subfield code="k">Kataloge einzelner Museen; Schrifttum über einzelne Museen</subfield>
   <subfield code="k">Sonstige</subfield>
   <subfield code="0">(DE-627)1270642294</subfield>
   <subfield code="0">(DE-625)rvk/93360:</subfield>
   <subfield code="0">(DE-576)200642294</subfield>
  </datafield>
  <datafield tag="936" ind1="b" ind2="k">
   <subfield code="a">21.00</subfield>
   <subfield code="j">Malerei: Allgemeines</subfield>
   <subfield code="0">(DE-627)10640671X</subfield>
  </datafield>
  <datafield tag="936" ind1="b" ind2="k">
   <subfield code="a">21.02</subfield>
   <subfield code="j">Geschichte der Malerei</subfield>
   <subfield code="0">(DE-627)106406698</subfield>
  </datafield>
  <datafield tag="951" ind1=" " ind2=" ">
   <subfield code="a">BO</subfield>
  </datafield>
  <datafield tag="990" ind1=" " ind2=" ">
   <subfield code="a">Herzog August Bibliothek</subfield>
  </datafield>
  <datafield tag="990" ind1=" " ind2=" ">
   <subfield code="a">Malerei</subfield>
  </datafield>
  <datafield tag="990" ind1=" " ind2=" ">
   <subfield code="a">Geschichte 1500-1900</subfield>
  </datafield>
  <datafield tag="990" ind1=" " ind2=" ">
   <subfield code="a">Herzog August Bibliothek</subfield>
  </datafield>
  <datafield tag="990" ind1=" " ind2=" ">
   <subfield code="a">Gemälde</subfield>
  </datafield>
  <datafield tag="991" ind1=" " ind2=" ">
   <subfield code="a">Rezensiertes Werk</subfield>
  </datafield>
  <datafield tag="999" ind1=" " ind2=" ">
   <subfield code="a">KXP-PPN726936111</subfield>
   <subfield code="e">4032512361</subfield>
  </datafield>
 </record>
</collection>
